| 000 | 00778nam a22002057a 4500 | ||
|---|---|---|---|
| 005 | 20180404100342.0 | ||
| 010 | _aB-690818-819 | ||
| 020 |
_c250.00 _a9788184303032 |
||
| 035 | _aB-690818-819 | ||
| 037 | _bOcean Books | ||
| 082 | _a921 | ||
| 100 | _aFranklin, Benjamin | ||
| 245 |
_aThe autobiography of Benjamin Franklin / _cby Benjamin Franklin ; introductory note by Charles W. Eliot |
||
| 260 |
_aNew Delhi _bOcean Books _c2014 |
||
| 270 |
_a4/19 Asaf Ali Road, New Delhi-110002 _bNew Delhi _e110002 |
||
| 300 |
_a176p. _c22cm(hb) |
||
| 500 | _aBalidani | ||
| 942 |
_2ddc _cEN _mBEN _h921 |
||
| 999 |
_c150723 _d150723 |
||